000 00428nab a2200145Ia 4500
003 ES-SlBCS
005 20210601124315.0
008 140529s1985 xxu||||| |||| 00| 0 eng d
041 _aeng
100 1 _aKlein, J. Theodore
_9139297
245 0 0 _aEducating and An Educated Person
_c J. Theodore Klein
650 0 4 _aEducación
_986687
773 0 _tEducational Theory
_gvol. 35, nº. 4, 1985, págs. 437-444
_wRev1399
942 _cAR
999 _c512677
_d512677